000 00433nam a2200181Ia 4500
001 11530
005 20260306162834.0
008 260306t2005||||xx |||||||||||||| ||spa||
041 _aESP
082 _a985.072
_bB94
100 _aBurga, Manuel
_eAUT
245 0 _aLa historia y los historiadores en el Perú
260 _c2005
300 _a237 páginas :
_ccm.
650 _aGEN
654 _aCHU
942 _cLIB
_dJUS
_fJUS
_2ddc
_n
999 _c11530
_d11530